<?xml version="1.0" encoding="UTF-8"?><?xml-stylesheet type="text/xsl" href="static/style.xsl"?><OAI-PMH xmlns="http://www.openarchives.org/OAI/2.0/" xmlns:xsi="http://www.w3.org/2001/XMLSchema-instance" xsi:schemaLocation="http://www.openarchives.org/OAI/2.0/ http://www.openarchives.org/OAI/2.0/OAI-PMH.xsd"><responseDate>2026-06-06T00:54:00Z</responseDate><request verb="GetRecord" identifier="oai:riuma.uma.es:10630/17926" metadataPrefix="marc">https://riuma.uma.es/rest/oai/request</request><GetRecord><record><header><identifier>oai:riuma.uma.es:10630/17926</identifier><datestamp>2026-02-03T12:11:39Z</datestamp><setSpec>com_10630_2254</setSpec><setSpec>col_10630_37959</setSpec></header><metadata><record xmlns="http://www.loc.gov/MARC21/slim" xmlns:dcterms="http://purl.org/dc/terms/" xmlns:doc="http://www.lyncode.com/xoai" xmlns:xsi="http://www.w3.org/2001/XMLSchema-instance" xsi:schemaLocation="http://www.loc.gov/MARC21/slim http://www.loc.gov/standards/marcxml/schema/MARC21slim.xsd">
   <leader>00925njm 22002777a 4500</leader>
   <datafield ind2=" " ind1=" " tag="042">
      <subfield code="a">dc</subfield>
   </datafield>
   <datafield ind2=" " ind1=" " tag="720">
      <subfield code="a">Aguilera-Arjona, José</subfield>
      <subfield code="e">author</subfield>
   </datafield>
   <datafield ind2=" " ind1=" " tag="720">
      <subfield code="a">De-Gálvez-Aranda, María Victoria</subfield>
      <subfield code="e">author</subfield>
   </datafield>
   <datafield ind2=" " ind1=" " tag="720">
      <subfield code="a">Sánchez-Roldán, Cristina</subfield>
      <subfield code="e">author</subfield>
   </datafield>
   <datafield ind2=" " ind1=" " tag="720">
      <subfield code="a">Herrera-Ceballos, Enrique</subfield>
      <subfield code="e">author</subfield>
   </datafield>
   <datafield ind2=" " ind1=" " tag="260">
      <subfield code="c">2019-07-02</subfield>
   </datafield>
   <datafield ind2=" " ind1=" " tag="520">
      <subfield code="a">Introducción: Cada día se ofrecen mejores soluciones informativas a la población en general para educar sobre la prevención frente a la sobreexposición a la radiación ultravioleta solar. El comportamiento del arco solar a lo largo del período del día nos puede dar una información muy importante ya que la incidencia del índice UV en un punto determinada varía a lo largo del ciclo diario, y esta puede ser seguida indirectamente basándonos en el efecto que produce el cambio de longitud de la sombra de un objeto que esté situado al sol.&#xd;
Objetivo: El objetivo del presente trabajo es el de crear una diana solar de Indice UV basada en la longitud de sombra que ofrece un objeto expuesto al sol.&#xd;
Material y métodos. Se ha construido un dispositivo de seguimiento de la longitud de la sombra. El dispositivo se colocó en el tejado de edificio y la variación diaria de la longitud de la sombra de la varilla se siguío con una cámara web conectada al ordenador y junto a ella se colocó un sensor de índice UV para hacer el seguimiento dicho índice a intervalos de 15 min durante tres meses. A continuación las medidas de longitud de sombra se correlacionaron con el índice UV.&#xd;
Resultados y discusión: Se han obtenido valores de franjas de índice UV con los niveles de Indice UV bajo cuando la distancia de la sombra es mayor a 1.25 la longitud del objeto que realiza la sombra, de índice UV medio (por debajo de 6) cuando la relación distancia sombra/ longitud objeto está entre 0.75 y 1.25 y de índice UV alto cuando la relación está comprendida entre 0.65/0.75. De esta forma se puede configurar una plantilla con los colores similares a la recomendación de la OMS para los distintos niveles de índice UV y la proyección de la sombra de un objeto sobre dicha plantilla coloreada nos indicará en cada momento el riesgo de exposición solar a partir de la distancia de la sombra del objeto proyectada.</subfield>
   </datafield>
   <datafield ind1="8" ind2=" " tag="024">
      <subfield code="a">https://hdl.handle.net/10630/17926</subfield>
   </datafield>
   <datafield tag="653" ind2=" " ind1=" ">
      <subfield code="a">Congresos y conferencias</subfield>
   </datafield>
   <datafield tag="653" ind2=" " ind1=" ">
      <subfield code="a">Medicina -- Congresos</subfield>
   </datafield>
   <datafield ind2="0" ind1="0" tag="245">
      <subfield code="a">La sombra como valor de incidencia de radiación ultravioleta solar para la prevención del cáncer de piel</subfield>
   </datafield>
</record>
</metadata></record></GetRecord></OAI-PMH>